ბათუმის შოთა რუსთაველის სახელმწიფო უნივერსიტეტის ბიბლიოთეკა

რაიტთერაპიის ეფექტურობის მექანიზმები სტატიკური (ფეხმოკლეობით გამოწვეული) და წელის დისპლაზიური (I-II ხარისხის) სკოლიოზის მქონე 11-16 წლის ბავშვებში / (ბიბ.ჩანაწერი № 53400)

000 -ლიდერი
ფიქსირებული სიგრძის საკონტროლო ველი 01646nam a2200241Ia 4500
001 - საკონტროლო ნომერი
საკონტროლო ველი 20443
003 - საკონტროლო ნომრის იდენტიფიკატორი
საკონტროლო ველი GE_BSU
005 - ბოლო ოპერაციის თარიღი და დრო
საკონტროლო ველი 20210329173538.0
008 - ფიქსირებული სიგრძის მონაცემთა ელემენტები - ზოგადი ინფორმაცია
ფიქსირებული სიგრძის საკონტროლო ველი 181216s2016||||ge |||||||||||||| ||geo||
040 ## - კატალოგიზაციის წყარო
Transcribing agency GE_BSU
041 ## - ენის კოდი
Language code of text/sound track or separate title geo
080 ## - უნივერსალური ათობითი კლასიფიკაციის ინდექსი
Universal Decimal Classification number 61 შ-57
100 ## - მთავარი ჩანაწერი - პიროვნების სახელი
Personal name შეშაბერიძე, ეკატერინე
9 (RLIN) 10819
245 ## - ცნობა სათაურის შესახებ
Title რაიტთერაპიის ეფექტურობის მექანიზმები სტატიკური (ფეხმოკლეობით გამოწვეული) და წელის დისპლაზიური (I-II ხარისხის) სკოლიოზის მქონე 11-16 წლის ბავშვებში /
Statement of responsibility, etc ეკატერინე შეშაბერიძე; სამეცნ. ხელმძღვანელი მ. ლორია.
264 ## - წარმოების, გამოცემის, დისტრიბუციის და სხვა ცნობები
გამოცემის, წარმოების, დისტრიბუციის... ადგილი თბილისი,
გამოცემის, წარმოების, დისტრიბუციის... თარიღი 2016.
300 ## - ფიზიკური აღწერა
Extent 158 გვ. ;
Other physical details ილ.,
Dimensions 30 სმ.
500 ## - ზოგადი შენიშვნა
General note პარალ. სათ. ინგლ. ენ.
653 ## - INDEX TERM--UNCONTROLLED
Uncontrolled term დისერტაცია
653 ## - INDEX TERM--UNCONTROLLED
Uncontrolled term მედიცინა
653 ## - INDEX TERM--UNCONTROLLED
Uncontrolled term რაიტთერაპიის ეფექტურობის მექანიზმები სტატიკური (ფეხმოკლეობით გამოწვეული) და წელის დისპლაზიური (I-II ხარისხის) სკოლიოზის მქონე 11-16 წლის ბავშვებში
700 ## - ADDED ENTRY--PERSONAL NAME
Personal name ლორია, მ.
Relator term სამეცნ. ხელმძღვანელი
9 (RLIN) 6237
942 ## - ADDED ENTRY ELEMENTS (KOHA)
Koha item type წიგნი
Source of classification or shelving scheme
ეგზემპლარები
ჩამოწერის სტატუსი დაკარგული ეგზემპლარის სტატუსი კლასიფიკაციის წყარო ან თაროზე გაწყობის სქემა დაზიანების სტატუსი არ გაიცემა მუდმივი მდებარეობა (დაცვის ადგილი) ამჟამინდელი ადგილსამყოფელი თაროზე განთავსების ადგილი შეძენის თარიღი სრული შენახვის შიფრი შტრიხკოდი ბოლო ოპერაციის თარიღი ეგზემპლარის მიმდევრობითი ნომერი (კეტერი?) ფასის ძალაში შესვლის თარიღი ეგზემპლარის სახეობა საჯარო შენიშვნა
          ბათუმის შოთა რუსთაველის სახელმწიფო უნივერსიტეტის მთავარი ბიბლიოთეკა ბათუმის შოთა რუსთაველის სახელმწიფო უნივერსიტეტის მთავარი ბიბლიოთეკა წიგნსაცავი 2018-12-17 61 შ-57 277 დისერტ. 2018-12-17 277 2018-12-17 დისერტაცია